Information technology for management / (Record no. 29327)

MARC details
000 -LEADER
fixed length control field 00958nam a22002538a 4500
005 - DATE AND TIME OF LATEST TRANSACTION
control field 2009082009099.0
008 - FIXED-LENGTH DATA ELEMENTS--GENERAL INFORMATION
fixed length control field 090203s2009 nju 001 0 eng
010 ## - LCCN (DPL NO)
LC control number ENG-94760
020 ## - INTERNATIONAL STANDARD BOOK NUMBER
International Standard Book Number 9780070144927
Terms of availability 275.00
020 ## - INTERNATIONAL STANDARD BOOK NUMBER
International Standard Book Number 0070144923
Terms of availability 275.00
035 ## - SYSTEM CONTROL NUMBER
System control number EN-78293
037 ## - SOURCE OF ACQUISITION
Source of stock number/acquisition DBAD / PUB
040 ## - CATALOGING SOURCE
Original cataloging agency dpl
Language of cataloging English
082 ## - DEWEY DECIMAL CLASSIFICATION NUMBER
Classification number 658.4038011
100 ## - MAIN ENTRY--PERSONAL NAME
Personal name Behl, Ramesh
245 ## - TITLE STATEMENT
Title Information technology for management /
Statement of responsibility, etc by Ramesh Behl
260 ## - PUBLICATION, DISTRIBUTION, ETC. (IMPRINT)
Place of publication, distribution, etc New Delhi
Name of publisher, distributor, etc Tata McGraw-Hill Education
Date of publication, distribution, etc 2009
270 ## - ADDRESS
Address 7 West Patel Nagar,
City New Delhi
Postal code 110008
300 ## - PHYSICAL DESCRIPTION
Extent xxviii, 559p.
Dimensions 25cm(pbk)
500 ## - GENERAL NOTE
General note Includes references, glossary and index
650 ## - SUBJECT ADDED ENTRY--TOPICAL TERM
Topical term or geographic name as entry element Management information systems.
942 ## - ADDED ENTRY ELEMENTS (KOHA)
Source of classification or shelving scheme Dewey Decimal Classification
Item type English Books
Classification part 658.4038011
Call number suffix BEH
Holdings
Withdrawn status Lost status Source of classification or shelving scheme Damaged status Not for loan Collection code Home library Current library Date acquired Source of acquisition Cost, normal purchase price Total Checkouts Full call number Barcode Date last seen Copy number Cost, replacement price Koha item type
    Dewey Decimal Classification   Not For Loan Non-fiction D.B.Act.Division D.B.Act.Division 20/08/2009 DBAD / PUB 275.00   658.4038011 BEH EN-78293 20/08/2009 1 275.00 English Books

© Delhi Public Library
Hit Counter
free hit counter